00326pab a2200121 454500008004000000100002200040245004900062260000900111300001300120362001200133650002600145773003300171180718b2001 xxu||||| |||| 00| 0 eng d aDobel, J. Patrick aParadigms, traditions, and keeping the faith c2001 ap.166-71 aMar-Apr aPublic administration aPublic Administration Review